000 00288nam a2200121 i 4500
001 bg
245 0 _aWybrane problemy inżynierii materiłowej w elektronice.
260 _aWarszawa,
_c1975.
040 _cBPK
041 _apol
942 _cKS
008 s pl f |000 0 pol
999 _c18150
_d18150
856 _uhttp://koha.tu.koszalin.pl/cgi-bin/koha/opac-detail.pl?biblionumber=18150
_yKatalog online BPK